• 首页
  • 本馆介绍
  • 公告通知
  • 最新文献
  • 馆藏检索
  • 电子资源
  • 读者导购
  • 参考咨询
  • 我的图书馆
  • 登录
  • 详细信息显示
  • 放入我的书架
  • 预约/预借图书
  • 作者相关作品
  • 分类相关作品
  • 丛书相关作品
  • 出版社相关作品

书目信息

  • 表格格式
  • 工作单格式
  • 卡片格式
题名:
长城··
    
 
作者: 宋存洋
分册:  
出版信息: 合肥   黄山书社  2015.11
页数: 160页
开本: 20cm
丛书名:
单 册:
中图分类: K928.77
科图分类:
主题词: 地理--中国
电子资源:
ISBN: 7-5461-4183-4
000 00561nam0 2200205 450
001 2789
005 20161206094157.56
010    @a7-5461-4183-4@dCNY39.00
100    @a20150810d2015 km y0chiy0120 ea
101 0  @achi
102    @aCN@b340000
200 1  @a长城··@Achang cheng··@f宋存洋@Fsong cun yang
210    @a合肥@c黄山书社@d2015.11
215    @a160页@d20cm
330    @a长城·介绍
606 0  @a地理@x中国
690    @aK928.77@v4
701  0 @a宋存洋@Asong cun yang
801  0 @aCN@b大连网信软件有限公司图书馆·11@c20161206
905    @aZUCC@dK928.77@e950
    
    长城··/宋存洋.-合肥:黄山书社,2015.11
    160页;20cm
    
    
    ISBN 7-5461-4183-4:CNY39.00
    长城·介绍
●
相关链接 在E读中查询图书 在五车中查询图书 在当当中查询图书 在豆瓣中查询图书


正题名:长城··     索取号:K928.77/950         预约/预借

序号 登录号 条形码 馆藏地/架位号 状态 备注
1 911194   209111940   第二样本阅览室/ [索取号:K928.77/950] 在馆    
2 911195   209111959   第二借阅区/ [索取号:K928.77/950] 在馆    
3 911196   209111968   第二借阅区/ [索取号:K928.77/950] 在馆    
4 911197   209111977   第二借阅区/ [索取号:K928.77/950] 在馆    
5 911198   209111986   第二借阅区/ [索取号:K928.77/950] 在馆    
唐山师范学院图书馆 欢迎您!
大连网信软件有限公司© 版权所有